MARC

LEADER 00000nam0a2200000 4500
001 279487
005 20231101235220.0
035 |a (RuTPU)RU\TPU\book\302766 
090 |a 279487 
100 |a 20141219d1976 m y0rusy50 ca 
101 0 |a rus 
102 |a RU 
105 |a a j 001zy 
200 1 |a Экономика минерального сырья и геологоразведочных работ  |e учебное пособие для вузов  |f Л. П. Кобахидзе [и др.] 
205 |a 2-е изд., перераб. и доп. 
210 |a Москва  |c Недра  |d 1976 
215 |a 333 с.  |c ил. 
320 |a Библиогр.: с. 328-329 (38 назв.) 
606 1 |a Минеральное сырье  |x Экономика  |2 stltpush  |3 (RuTPU)RU\TPU\subj\64895  |9 81594 
606 1 |a Геологоразведочные работы  |x Экономика  |2 stltpush  |3 (RuTPU)RU\TPU\subj\6152  |9 34108 
610 1 |a классификация 
610 1 |a полезные ископаемые 
610 1 |a использование 
610 1 |a руды 
610 1 |a цветные металлы 
610 1 |a благородные металлы 
610 1 |a черные металлы 
610 1 |a легирующие металлы 
610 1 |a тугоплавкие металлы 
610 1 |a рационализация 
610 1 |a изобретательство 
610 1 |a геологоразведочные работы 
610 1 |a планирование 
610 1 |a капитальные вложения 
610 1 |a основные фонды 
610 1 |a оборотные средства 
610 1 |a нормирование 
610 1 |a кадры 
610 1 |a производительность труда 
610 1 |a заработная плата 
610 1 |a себестоимость 
610 1 |a прибыль 
610 1 |a рентабельность 
610 1 |a экономическая эффективность 
610 1 |a учебные пособия 
675 |a 553.04(075.8)  |v 4 
675 |a 550.8.02:658(075.8)  |v 4 
701 1 |a Кобахидзе  |b Л. П. 
701 1 |a Синягин  |b Г. П. 
701 1 |a Быховер  |b Н. А. 
701 1 |a Хазанов  |b Г. Б. 
701 1 |a Полежаев  |b П. В. 
702 1 |a Агошков  |b М. И.  |4 340 
801 1 |a RU  |b 63413507  |c 20141219 
801 2 |a RU  |b 63413507  |c 20180131  |g RCR 
942 |c BK